000 00742nam a22001937a 4500
003 AM-YeHGA
005 20250617154203.0
008 180614b ||||| |||| 00| 0 eng d
040 _aAM-YeHGA
041 0 _arus
245 0 0 _aБеседы с начинающими писателями :
_bИтоги 2-летней работы (1932-1933-1934)
260 _aЛенинград :
_bИзд-во АН СССР,
_c1934.
300 _a49 с.
490 0 _a/ Ин-т рус. лит-ры Акад. наук СССР (Пушкинский дом)).
653 0 _aРусская литература
830 0 _aК Всесоюзному съезду советских писателей
942 _2udc
_cBK
090 _c408837
999 _c406574
_d406574